| 000 | 00504nam a2200157 a 4500 | ||
|---|---|---|---|
| 001 | 000039978 | ||
| 005 | 20201002033838.0 | ||
| 008 | 130801s1957 sp 000 0 spa d | ||
| 040 |
_aDO-SdBNP _bspa _cBNPHU |
||
| 082 | _axxx | ||
| 100 | 1 |
_aHoracio _966199 |
|
| 245 | 1 | 0 |
_aOdas y sátiras completas / _cHoracio ; traducción, prólogo y notas José Torrens Bejar. |
| 260 |
_aBarcelona, España : _bRafael Salvá, _c1957. |
||
| 300 |
_a261 p. ; _c19 cm. |
||
| 700 | 1 |
_aTorrens Bejar, José, _epról. _etr. _966200 |
|
| 999 |
_c39468 _d39468 |
||